| Tag |
First Indicator |
Second Indicator |
Subfields |
| LEADER |
00000cam a22000005a 4500 |
| 001 |
in00001302821 |
| 005 |
20190207095639.0 |
| 008 |
851107s1985 txu 000 0 eng d |
| 035 |
|
|
|a (OCoLC)12769523
|
| 035 |
|
|
|9 AHB5031AM
|
| 040 |
|
|
|a QUE
|c QUE
|d TXA
|d UtOrBLW
|
| 049 |
|
|
|a TXAM
|
| 090 |
|
|
|a F392.C7
|b M2 1985
|
| 092 |
|
|
|a 976.4887 M167
|
| 100 |
1 |
|
|a McMinus, J.
|
| 245 |
1 |
0 |
|a Comal County, Texas, marriage records, Book "A," 1846-1853 /
|c compiled by J. McManus [as printed].
|
| 264 |
|
1 |
|a [St. Louis, Mo.] :
|b [F.T. Ingmire?] ;
|a [San Antonio, Tex.?] :
|b [Family Adventures?],
|c [1985]
|
| 264 |
|
4 |
|c ©1985
|
| 300 |
|
|
|a 13, 13 leaves ;
|c 28 cm.
|
| 336 |
|
|
|a text
|b txt
|2 rdacontent
|
| 337 |
|
|
|a unmediated
|b n
|2 rdamedia
|
| 338 |
|
|
|a volume
|b nc
|2 rdacarrier
|
| 500 |
|
|
|a The Cushing Library/Chapman Texas Collection copy is part of the Floyd & Louise Chapman Texas & Borderlands Collection.
|5 TXA
|
| 536 |
|
|
|a Acquired through the generosity of the Clovis Brakebill endowment.
|
| 500 |
|
|
|a Label on title page: Partin Publications.
|
| 650 |
|
0 |
|a Marriage records
|z Texas
|z Comal County.
|
| 651 |
|
0 |
|a Comal County (Tex.)
|x Marriage records.
|
| 999 |
|
|
|a MARS
|
| 999 |
f |
f |
|s 0b49f857-2f23-3ca4-ba1a-cbc858d0e6e0
|i 15322e7a-10c1-338e-a041-20e08d53c1c5
|t 0
|
| 952 |
f |
f |
|p noncirc
|a Texas A&M University
|b College Station
|c Cushing Memorial Library & Archives
|d Cushing: Chapman Texas Collection (Does not check out)
|t 0
|e F392.C7 M2 1985
|h Library of Congress classification
|i unmediated -- volume
|
| 998 |
f |
f |
|a F392.C7 M2 1985
|t 0
|l Cushing: Chapman Texas Collection (Does not check out)
|